00621nam a22001577a 450000500170000002000260001703700220004308200130006510000260007824501940010426000450029827000600034330000210040365000200042470000190044420171005102802.0 c695.00a9788187798330 bcentral llibadpl bMAHa020 aMahender Pratap Singh a Library and information science objective aligibility test :cby Mahender Pratap Singh; Gajender Singh.b multiple choice questions for JRF/NET/SLET/DSSSB and other cometitive examinations aNew DelhibShri Sai Printographersc2005 a10,4787/23, Ansari Road, Dariya GanjbNew Delhie110002 a191p. c24cm(Hb) aLibrary Science aGajender Singh